| 000 | 01231cam a22002891i 4500 | ||
|---|---|---|---|
| 003 | SA-RiAUC | ||
| 005 | 20241202141835.0 | ||
| 008 | 241130s2009 su g b f000r0 ara c | ||
| 020 | _a9789960038681 | ||
| 040 |
_aSA-MaMIU _bara _cSA-RiAUC _erda |
||
| 082 | 0 | 4 |
_a229 _qSA-RiAUC |
| 090 |
_a229 _bه ن د |
||
| 100 | 1 |
_aهندي، محمد بن زيلعي _eمؤلف. |
|
| 245 | 1 | 0 |
_aمفهوم التدبر في ضوء الدراسة التحليلية لآياته في القرآن / _cإعداد محمد بن زيلعي هندي. |
| 250 | _aالطبعة الأولى. | ||
| 264 | 1 |
_aالرياض ؛ _aمكة المكرمة : _bوزارة التعليم العالي، جامعة أم القرى، مركز بحوث الدراسات الإسلامية، _c2009 |
|
| 300 |
_a59 صفحة ؛ _c26 × 17 سم. |
||
| 336 |
_aنص _btxt _2rdacontent _3كتاب |
||
| 337 |
_aبدون وسيط _bn _2rdamedia |
||
| 338 |
_aمجلد _bnc _2rdacarrier |
||
| 490 | 0 | _aسلسلة بحوث الدراسات الاسلامية | |
| 504 | _aببليوجرافية : صفحة 51. | ||
| 630 | 2 | 7 |
_aالقرآن _xمباحث عامة _2aucut |
| 730 | 2 | 2 | _aالقرآن |
| 942 |
_2ddc _cBOOK _n0 |
||
| 949 |
_aSA-JeALM _d241130 _umohamedma123 _n1 |
||
| 999 |
_c2955 _d2955 |
||